00858nam a2200217 a 4500001001000000003000500010005001700015008004100032010001100073011001100084040000900095100002500104245016400129260004100293500006000334502008600394650002500480650004100505650002400546856007000570000113795CHAP20220329144413.0170926s2017 mx sm |||||||spa d a110256 a111228 cCHAP1 aCruz Garrido, Ariana10aComposición fenólica de accesiones de maís (Zea mays L.) con grano rojo cereza y rojo ladrillo de razas mexicanash[En línea]cpor Ariana Cruz Garrido. aChapingo, Méx. :bEl autor,c2017. aPara ver el contenido del material haga clic en la liga aTesis (Ing. Agroindustrial ) -- UACH. Departamento de Ingeniería Agroindustrial14aFenolesxAnálisis.14aMaízxFisiología y morfología.14aMaízxVariedades. aFinding aiduhttp://10.13.5.2/tesis/sist113795.pdfzTeclea aquí